000 00265nam a2200121Ia 4500
005 20251222141926.0
008 251222s9999||||xx |||||||||||||| ||spa||
082 _a843.8/Z85
100 _aZola, Emilio
245 0 _aCuentos a Ninén
264 _bPuevo
942 _cLIB
999 _c8866
_d8866